| Поле | Название | Значение |
| |
Тип записи |
a |
| |
Библиографический уровень |
m |
| 001 |
Контрольный номер |
88d3b00bdbac4c499f13aa5f24a320c1 |
| 005 |
Дата корректировки |
20240216085612.5 |
| 020 |
Индекс ISBN |
__ |
| a |
ISBN |
978-5-89288-501-0 |
| 040 |
Источник каталогиз. |
__ |
| a |
Служба первич. каталог. |
ДМН |
| b |
Код языка каталог. |
rus |
| e |
Правила каталог. |
PSBO |
| 041 |
Код языка издания |
0_ |
| a |
Код языка текста |
rus |
| 084 |
Индекс другой классификации/Индекс ББК |
__ |
| a |
Индекс другой классификации/Индекс ББК |
87.752я73 |
| 090 |
Шифры |
__ |
| c |
Каталожный индекс |
87.752я73 |
| 100 |
Автор |
1_ |
| a |
Автор |
Зубенко В. В. |
| 245 |
Заглавие |
10 |
| a |
Заглавие |
Нравственно-этические основы службы в органах внутренних дел Российской Федерации |
| h |
Физич. носитель |
Электронный ресурс |
| b |
Продолж. заглавия |
учебное наглядное пособие |
| c |
Ответственность |
Федеральное государственное казенное образовательное учреждение высшего образования "Ростовский юридический институт Министерства внутренних дел Российской Федерации" (ФГКОУ ВО РЮИ МВД России) |
| 260 |
Выходные данные |
__ |
| a |
Место издания |
Ростов-на-Дону |
| b |
Издательство |
РЮИ МВД России |
| c |
Дата издания |
2023 |
| 300 |
Физическое описание |
__ |
| a |
Объем |
71 с. |
| b |
Иллюстрации/ тип воспроизводства |
цв. ил., схем. |
| 336 |
Вид содержания |
__ |
| a |
Термин вида содержания |
Текст |
| 337 |
Средство доступа |
__ |
| a |
Термин типа средства |
электронный |
| 338 |
Характеристика содержания |
__ |
| a |
Характеристика содержания |
визуальное |
| 504 |
Библиография |
__ |
| a |
Библиография |
Библиогр.: с. 70-71 |
| 650 |
Тематические рубрики |
14 |
| a |
Основная рубрика |
СОЦИАЛЬНЫЕ (ОБЩЕСТВЕННЫЕ) И ГУМАНИТАРНЫЕ НАУКИ |
| x |
Основная подрубрика |
ЭТИКА |
| 653 |
Ключевые слова |
1_ |
| a |
Ключевые слова |
НРАВСТВЕННЫЕ ОСНОВЫ ПРОФЕССИОНАЛЬНОЙ ДЕЯТЕЛЬНОСТИ; ПРОФЕССИОНАЛЬНАЯ ЭТИКА СОТРУДНИКА ОВД; СЛУЖЕБНЫЙ ЭТИКЕТ СОТРУДНИКА ОВД; АНТИКОРРУПЦИОННОЕ ПОВЕДЕНИЕ СОТРУДНИКОВ ОВД; МЕЖНАЦИОНАЛЬНОЕ ОБЩЕНИЕ СОТРУДНИКОВ ПОЛИЦИИ; ВЗАИМОДЕЙСТВИЕ СОТРУДНИКОВ ОВД СО СРЕДСТВАМИ МАССОВОЙ ИНФОРМАЦИИ |
| 700 |
Другие авторы |
12 |
| a |
Другие авторы |
Сетраков А. Н. |
| 700 |
Другие авторы |
12 |
| a |
Другие авторы |
Карпова А. В. |
| 700 |
Другие авторы |
12 |
| a |
Другие авторы |
Полякова Т. А. |
| 700 |
Другие авторы |
12 |
| a |
Другие авторы |
Палагина Н. С. |
| 700 |
Другие авторы |
12 |
| a |
Другие авторы |
Петров М. В. |
| 700 |
Другие авторы |
12 |
| a |
Другие авторы |
Устюгов С. Н. |
| 700 |
Другие авторы |
12 |
| a |
Другие авторы |
Пшеничкин А. А. |
| 700 |
Другие авторы |
12 |
| a |
Другие авторы |
Погорелова Н. В. |
| 856 |
Электронный адрес документа |
40 |
| y |
Справочный текст |
Нравственно-этические основы службы в органах внутренних дел Российской Федерации |
| z |
Примечание для пользователя |
Режим доступа: для авторизир. пользователей |
| u |
URL |
http://mp.na-mvd.ru:8090/MegaPro2/Download/MObject/4930 |
| 900 |
Электронные ресурсы |
__ |
| a |
Имя электронного ресурса |
ЗУБЕНКО__СЕТРАКОВ_И_ДР__ТИПОГРАФИЯ |
| 905 |
Дата создания записи |
__ |
| a |
Дата создания записи |
20231225 |
| 952 |
Тип литературы |
__ |
| c |
Вид литературы |
учебная |
| c |
Вид литературы |
учебное пособие |
| e |
Кафедра |
КАФЕДРА ПСИХОЛОГИИ И ПЕДАГОГИКИ |
| i |
Дисциплина |
ПРОФЕССИОНАЛЬНАЯ ЭТИКА И СЛУЖЕБНЫЙ ЭТИКЕТ |